书目信息 |
| 题名: |
植物生理与分子生物学
|
|
| 作者: | 余叔文 , 汤章城 主编 | |
| 分册: | ||
| 出版信息: | 北京 科学出版社 1998.01 |
|
| 页数: | 853页 | |
| 开本: | 26cm | |
| 丛书名: | 中国科学院研究生教学丛书 | |
| 单 册: | ||
| 中图分类: | Q945 | |
| 科图分类: | ||
| 主题词: | 植物生物学 | |
| 电子资源: | ||
| ISBN: | 7-03-006058-X | |
| 000 | 00742nam0 2200241 45 | |
| 001 | 0233504657 | |
| 005 | 2002041309182444 | |
| 010 | @a7-03-006058-X@dRMB 85.00 | |
| 100 | @a20020413d1998 km y0chiy0120 ea | |
| 101 | 0 | @achi |
| 102 | @aCN@b110000 | |
| 200 | 1 | @a植物生理与分子生物学@AZhi Wu Sheng Li Yu Fen Zi Sheng Wu Xue@f余叔文,汤章城主编@FYu Shu Wen,Tang Zhang Cheng Zhu Bian |
| 205 | @a2版 | |
| 210 | @a北京@c科学出版社@d1998.01 | |
| 215 | @a853页@d26cm | |
| 225 | 2 | @a中国科学院研究生教学丛书 |
| 410 | 0 | @12001 @a中国科学院研究生教学丛书 |
| 606 | 0 | @a植物生物学 |
| 690 | @aQ945@v3 | |
| 701 | 0 | @a余叔文@AYu Shu Wen@4主编 |
| 701 | 0 | @a汤章城@ATang Zhang Cheng@4主编 |
| 801 | 0 | @aCN@bPFT@c20020413 |
| 905 | @a安徽大学@dQ945@eY768 | |
| 植物生理与分子生物学/余叔文,汤章城主编.-2版.-北京:科学出版社,1998.01 |
| 853页;26cm.-(中国科学院研究生教学丛书) |
| ISBN 7-03-006058-X:RMB 85.00 |
| ● |
| 相关链接 |
|
|
|
正题名:植物生理与分子生物学
索取号:Q945/Y768
 
预约/预借
| 序号 | 登录号 | 条形码 | 馆藏地/架位号 | 状态 | 备注 |
| 1 | 357078 | 203570787 | 生命科学与工程学院资料室/ [索取号:Q945/Y768] | 在馆 | |
| 2 | 357079 | 203570796 | 自科库401/401自科库 35排1列1层/ [索取号:Q945/Y768] | 在馆 |